000 00310nam a22001337a 4500
008 171019b xxu||||| |||| 00| 0 eng d
020 _a9780130839053
041 _aeng
080 _22ND
_a338
100 _a53
101 _aMEN
245 _aTHE DESIGN OF COST MANAGEMENT SYSTEMS
_cCOOPER,R
942 _2udc
_cBK
999 _c34971
_d34971